Federal statute law referencer : index to federal & state laws (AS at 31st August 1995)

Bibliographic Details
Format: Book
Published: Kuala Lumpur
Subjects:

MARC

LEADER 00000cam a2200000 7i4500
001 0000005626
005 20050426.0
020 |a 9678907178 
040 |a INS 
090 0 0 |a RKPG10.   |b S58 1995 
245 1 0 |a Federal statute law referencer :   |b index to federal & state laws (AS at 31st August 1995) 
260 |a Kuala Lumpur 
300 |a 231p. 
650 0 0 |a Annotations and citations (law) 
999 |a 0000006452   |b BOOK   |c Reference   |e Default branch